01035nas a2200277Ia 4500001002400000003001000024008004100034040002500075041001300100100002600113210001000139222001000149245003200159250001100191260000900202501012300211300001100334362003400345500010800379650002900487700001800516942000700534957000600541999003300547952017700580dd19-27865 [d000003210]IT-MiCISF161014c99999999xx |||||||||||| ||und|| aIT-MiCISFcIT-MiCISF aITALIANO aTejera de Meer Manuel aRocca aRocca 0aPsicologia dell'adolescenza a1a ed. c1997 bCISF - Centro Internazionale Studi Famiglia - Via Giotto, 36 20145 MILANO (non commercial uses only)cCopyright 2016 app. 46 a febbraio 97-aprile 98 [1997] a Tema: adolescenza, disadattamento, devianza, suicidio, handicap, incesto, televisione, abuso-di-minore aetà evolutivavdossier a Nenna Marina cCR 71 a27865bSig1c218454d218454 0010406DD_1927865_D00000321071aCISFbCISFd2016-10-14l0odd19-27865 [d000003210]r2016-10-14 00:00:00w2016-10-14yCRzData import 15.10.2016 / by Epidotti, Vaglietti